000 01052cab a2200301 4500
001 WB3442-32
008 090401t1998 xxu||||| |||| 00| 0 eng d
035 _a(Sirsi) u89504
041 _aeng
245 _aBlow for small retailers
260 _c1998
350 _a0
490 _aTimes
_v4 November 1998, 8
490 _aPlanning (for the Natural and Built Environment)
_v(1294) 13 November 1998, 4(2)
520 _aDiscusses a test case concerning the interpretation of government policy on out-of-town retail developments. Held that superstore developers need not prove that planning proposals would positively sustain and enhance town centre shopping areas in order to win planning consent.
650 _aOUT OF TOWN SHOPPING CENTRES
650 _aPLANNING PERMISSION
650 _aRETAIL DEVELOPMENT
650 _aSAFEWAY
650 _aSOMERFIELD
650 _aTESCO
650 _aTOWN CENTRES
650 _aVIABILITY
650 _aVITALITY
690 _aPLANNING LAW AND PRACTICE
942 _n0
948 _c04/11/1998
999 _c56637
_d56637